000 00667nam a22002177a 4500
003 UA-OsUOA
001 108003
007 ta
008 20140924b un ||||| |||| 00| 0 ukr d
100 _aМазнєв Г.Є.
090 _a330(477)
_bМ13
942 _cSA
040 _aUA-OsUOA
_bukr
_cUA-OsUOA
_dUA-OsUOA
245 _aПроблеми фінансового забезпечення інноваційного розвитку аграрного сектору
300 _aС.5-14
955 _a0
041 _aukr
080 _a330(477)
773 0 _w108002
_tЕкономіка АПК
_dК.
_d2014
_g9
650 7 _a330 Економіка взагалі
_2UDC
999 _c394573
_d394573